真岡市(栃木県)の駅 - Statistics

General Stats
  • This quiz has been taken 13 times
  • The average score is 2 of 6
Answer Stats
Answer % Correct
真岡
100%
北真岡
58%
久下田
25%
西田井
17%
寺内
8%
北山
8%
No matching quizzes found
Score Distribution
Percent of People with Each Score
Percentile by Number Answered
Your Score History
You have not taken this quiz